| 000 | 00482nam a2200169Ia 4500 | ||
|---|---|---|---|
| 005 | 20250508161444.0 | ||
| 008 | 008 250505s9999 xx 000 0 eng d | ||
| 037 | _aTextual | ||
| 040 |
_aFEDL _beng _cFEDL |
||
| 041 |
_aeng _2eng |
||
| 084 |
_a371.33, UNI _qFEDL |
||
| 245 | 0 | _aAudio-visual aids in higher eduction | |
| 260 |
_aNew Delhi, India _bUniversity Grants Commission _c1969 |
||
| 300 | _a72p. | ||
| 942 |
_cTEXL _h371.33, UNI |
||
| 999 |
_c1370057 _d1370057 |
||